Top 10 Least Densely Populated Countries of Africa - Statistics

General Stats
  • This quiz has been taken 72 times
  • The average score is 8 of 10
Answer Stats
Density Country % Correct
3.91 Libya
91%
10.92 Chad
90%
14.23 Mali
90%
15.77 Niger
88%
4.51 Mauritania
87%
3.08 Namibia
87%
13.56 Republic of the Congo
85%
4.04 Botswana
79%
8.42 Central African Republic
79%
8.32 Gabon
57%
No matching quizzes found
Score Distribution
Percent of People with Each Score
Percentile by Number Answered
Your Score History
You have not taken this quiz